|
|
|
|
| LEADER |
00000cam a2200000 ca4500 |
| 001 |
1090751060 |
| 003 |
DE-627 |
| 005 |
20220430121133.0 |
| 007 |
tu |
| 008 |
900620n19uuuuuuxx ||||| 00| ||ger c |
| 035 |
|
|
|a (DE-627)1090751060
|
| 035 |
|
|
|a (DE-576)020751060
|
| 035 |
|
|
|a (DE-599)BSZ020751060
|
| 035 |
|
|
|a (DE-604)8050019007
|
| 040 |
|
|
|a DE-627
|b ger
|c DE-627
|e rakwb
|
| 041 |
|
|
|a ger
|
| 084 |
|
|
|a 1
|2 ssgn
|
| 084 |
|
|
|a BQ 7435
|2 rvk
|0 (DE-625)rvk/15624:
|
| 084 |
|
|
|a BU 2800
|2 rvk
|0 (DE-625)rvk/16866:
|
| 190 |
|
|
|j 1978
|
| 245 |
0 |
0 |
|a Wer sein Leben verliert...
|b die Frage nach dem Sinn
|c Hans Jürgen Herrmann ...
|
| 264 |
|
1 |
|a Stuttgart
|b Calwer Verl.
|c 19XX-
|
| 336 |
|
|
|a Text
|b txt
|2 rdacontent
|
| 337 |
|
|
|a ohne Hilfsmittel zu benutzen
|b n
|2 rdamedia
|
| 338 |
|
|
|a Band
|b nc
|2 rdacarrier
|
| 490 |
0 |
|
|a Oberstufe Religion
|v 1
|
| 500 |
|
|
|a Neuausg. u.d.T.: Wer bin ich?
|
| 520 |
|
|
|a Ich frage nach dem Sinn - Sinn als Problem des Menschen. Ich halte nicht stand - der lautlose Protest. Ich suche mich selber - Ichentwicklung und Lebensbejahung. Ich finde Sinn in der Sinnlosigkeit - Sinn und Glaube.
|
| 689 |
0 |
0 |
|d s
|0 (DE-588)4133154-0
|0 (DE-627)105682195
|0 (DE-576)209641525
|2 gnd
|a Sinn
|
| 689 |
0 |
1 |
|d s
|0 (DE-588)4049422-6
|0 (DE-627)106187074
|0 (DE-576)209081996
|2 gnd
|a Religionsunterricht
|
| 689 |
0 |
2 |
|d s
|0 (DE-588)4077347-4
|0 (DE-627)106080458
|0 (DE-576)209204788
|2 gnd
|a Sekundarstufe
|
| 689 |
0 |
|
|5 (DE-627)
|
| 700 |
1 |
|
|e Hrsg.
|0 (DE-588)172941083
|0 (DE-627)673977641
|0 (DE-576)133795225
|4 edt
|a Herrmann, Hans Jürgen
|d ca. fl. 1973 -
|
| 935 |
|
|
|a mteo
|
| 936 |
r |
v |
|a BQ 7435
|b Arbeitshilfen und Materialien
|k Theologie und Religionswissenschaften
|k Evangelische Praktische Theologie
|k Katechetik, Religionspädagogik, Gemeindepädagogik
|k Religionspädagogik
|k Arbeitshilfen und Materialien
|0 (DE-627)1272623904
|0 (DE-625)rvk/15624:
|0 (DE-576)202623904
|
| 936 |
r |
v |
|a BU 2800
|b Bildung, religiöse und christliche Unterweisung im Gymnasium (Sekundarstufe II)
|k Theologie und Religionswissenschaften
|k Religionspädagogik und Katechetik
|k Erziehung, Religionsunterricht und Katechese Heranwachsender
|k Bildung, religiöse und christliche Unterweisung im Gymnasium (Sekundarstufe II)
|0 (DE-627)1270663852
|0 (DE-625)rvk/16866:
|0 (DE-576)200663852
|
| 951 |
|
|
|a MC
|
| ELC |
|
|
|b 1
|
| ITA |
|
|
|a 1
|t 1
|
| LOK |
|
|
|0 000 xxxxxcx a22 zn 4500
|
| LOK |
|
|
|0 001 2146348127
|
| LOK |
|
|
|0 003 DE-627
|
| LOK |
|
|
|0 004 1090751060
|
| LOK |
|
|
|0 005 20010707000000
|
| LOK |
|
|
|0 008 900620||||||||||||||||ger|||||||
|
| LOK |
|
|
|0 040
|a DE-21
|c DE-627
|d DE-21
|
| LOK |
|
|
|0 852
|a DE-21
|
| LOK |
|
|
|0 852 1
|c 29 B 727-1
|9 00
|
| LOK |
|
|
|0 935
|a theo
|
| LOK |
|
|
|0 936ln
|a t7.4
|
| LOK |
|
|
|0 939
|a 20-06-90
|b l01
|
| LOK |
|
|
|0 000 xxxxxcx a22 zn 4500
|
| LOK |
|
|
|0 001 2146348135
|
| LOK |
|
|
|0 003 DE-627
|
| LOK |
|
|
|0 004 1090751060
|
| LOK |
|
|
|0 005 20010713000000
|
| LOK |
|
|
|0 008 990809||||||||||||||||ger|||||||
|
| LOK |
|
|
|0 040
|a DE-21-31
|c DE-627
|d DE-21-31
|
| LOK |
|
|
|0 852
|a DE-21-31
|
| LOK |
|
|
|0 852 1
|c Pl V f 13-1
|m p
|9 00
|
| LOK |
|
|
|0 938
|k p
|
| LOK |
|
|
|0 939
|a 09-08-99
|b l01
|
| ORI |
|
|
|a SA-MARC-ixtheoa001.raw
|
| SPR |
|
|
|a 1
|t IXT
|
| STA |
0 |
0 |
|a Meaning,Question of meaning,Meaning (Philosophy),Religious instruction,Religious didactics,Religion teaching,Religion,Secondary school level,School year,Class,Sekundarstufe
|
| STB |
0 |
0 |
|a Enseignement de la religion,Enseignement secondaire,Sens,Signification,Signification,Signification (philosophie)
|
| STC |
0 |
0 |
|a Enseñanza religiosa,Escuela secundaria,Sentido,Significación (Psicología)
|
| STD |
0 |
0 |
|a Insegnamento della religione,Lezione di religione,Religione (materia),Lezione di religione,Religione,Scuola secondaria,Senso,Significato,Significato
|
| STE |
0 |
0 |
|a 中等教育阶段,宗教课程,宗教课,宗教教学,意义,含义
|
| STF |
0 |
0 |
|a 中等教育階段,宗教課程,宗教課,宗教教學,意義,含義
|
| STG |
0 |
0 |
|a Ensino médio,Ensino religioso,Sentido
|
| STH |
0 |
0 |
|a Преподавание религии,Смысл,Средняя школа
|
| STI |
0 |
0 |
|a Δευτεροβάθμια εκπαίδευση,Θρησκευτικά (μάθημα),Νόημα
|
| SYG |
0 |
0 |
|a Sinnfrage , Glaubensunterweisung,Religionsdidaktik,Religionslehre , Secondary School,Sekundarbereich,Sekundarschule,Schuljahr 5-13,Schuljahr 5-12
|